00441nam a2200157Ia 4500008004100000020001500041082001200056100001800068245005200086250000800138260005100146300002300197500001900220600003300239650001100272240925s9999 xx 000 0 und d a1582931216 a170 RAG aRagatz, Julie 0aEthics: for the financial services professional a5th aNew York:bScientific American Libraryc,2013. a496p.b0fOriginal aIncludes Index aHumanities & Natural Science aEthics